A synopsis of the North American Lagomorpha /

Hlavní autor: Hall, E. Raymond 1902-1986
Jazyk: Angličtina
Vydáno: Lawrence : University of Kansas, 1951
Edice: University of Kansas publications. Museum of Natural History ; vol. 5, no. 10
Fyzický popis: S. 121-202
Knihy
Uloženo v:
LEADER 00840nam a22002292a 4500
001 001465156
003 CZ BrMZK
005 20190307132942.0
007 ta
008 150409s1951 xxu er|||||||||||eng d
040 |a BOA001  |b cze 
100 1 |a Hall, E. Raymond  |q (Eugene Raymond),  |d 1902-1986  |7 jn20000602775  |4 aut 
245 1 2 |a A synopsis of the North American Lagomorpha /  |c by E. Raymond Hall 
260 |a Lawrence :  |b University of Kansas,  |c 1951 
300 |a S. 121-202 
490 1 |a University of Kansas publications. Museum of Natural History ;  |v vol. 5, no. 10 
504 |a Obsahuje bibliografii 
810 2 |a University of Kansas.  |b Museum of Natural History.  |t Publications 
910 |a BOA001  |b 2-0312.278 
990 |a BK 
991 |b 201504 
996 7 |b 2618816050  |c 2-0312.278  |l MZK  |r Sklad / do 24 hodin  |n 0  |w 001500086  |u 000010  |a 1  |e BOA001  |j MZK50  |s A